Visualizzazione normale
Vista MARC
- Carrà Elisabetta, Boccacin Lucia (a cura di)
di Personal Name
Records bibliografici associati: 1
001 - CONTROL NUMBER
- control field: 62623
003 - CONTROL NUMBER IDENTIFIER
- control field:
005 - DATE AND TIME OF LATEST TRANSACTION
- control field: 20250919111628.0
008 - FIXED-LENGTH DATA ELEMENTS
- fixed length control field: 250919|| aca||aabn | a|a d
040 ## - CATALOGING SOURCE
- Original cataloging agency:
- Transcribing agency:
100 ## - HEADING--PERSONAL NAME
- Personal name: Carrà Elisabetta, Boccacin Lucia (a cura di)
670 ## - SOURCE DATA FOUND
- Source citation: Work cat.: ()360627: Carrà Elisabetta, Boccacin Lucia (a cura di), Think Family, Act Family, 2024